Štúdio tanca

Guardado en:
Detalles Bibliográficos
Autor principal: Paľová, Veronika (Autor)
Otros Autores: Pifko, Henrich (Orientador)
Formato: Manuscrito Libro
Lenguaje:eslovaco
Publicado: Bratislava 2016
Materias:
Acceso en línea:http://is.stuba.sk/zp/portal_zp.pl?podrobnosti=102976
Etiquetas: Agregar Etiqueta
Sin Etiquetas, Sea el primero en etiquetar este registro!

MARC

LEADER 00000ntm a22000003a 4500
001 stuzp57350
003 SK-STU
005 20210216132025.6
007 ta
008 150427s2015----xo-----f-mn---000-0-slo-d
040 |a STU  |b slo 
041 0 |a slo 
100 1 |a Paľová, Veronika  |u 052120  |4 aut  |U FAD Fakulta architektúry  |T FA Ústav ekologickej a experimentálnej architektúry  |X 70401  |U A2120  |Y 393  |7 70401 
242 0 1 |a Dance studio  |y eng 
245 1 0 |a Štúdio tanca 
260 |c 2016  |a Bratislava 
650 4 |a architektúra  |2 slo 
650 4 |a tanec  |2 slo 
650 4 |a hravosť  |2 slo 
650 4 |a občianska vybavenosť  |2 slo 
650 4 |a Architecture  |2 eng 
650 4 |a Amenities  |2 eng 
650 4 |a Playfulness  |2 eng 
650 4 |a Dance  |2 eng 
700 1 |a Pifko, Henrich  |u 052120  |k Z1  |4 ths  |U FAD Fakulta architektúry  |T FA Ústav ekologickej a experimentálnej architektúry  |X 449  |U A2120  |Y 393  |7 A000000449 
856 4 |u http://is.stuba.sk/zp/portal_zp.pl?podrobnosti=102976  |u https://opac.crzp.sk/?fn=detailBiblioForm&sid=28C7416B5E23CF19957076CEF8E1 
SQL |a stuzp57350  |b DBP  |c SLO  |d Štúdio tanca  |e 70401  |f Paľová, Veronika  |g 052120  |h 449  |i Pifko, Henrich  |j 20160610  |k 149  |l 05  |m http://is.stuba.sk/zp/portal_zp.pl?podrobnosti=102976  |n B-AU  |o 5.1.1. architektúra a urbanizmus